[Event "Sitges Sunway op 3rd"]
[Site "Sitges"]
[Date "2016.12.23"]
[Round "9"]
[White "Henderson de la Fuente, Lance"]
[Black "Lemos, Damian"]
[Result "1/2-1/2"]
[WhiteElo "2378"]
[BlackElo "2516"]
[PlyCount "92"]
[EventDate "2016.12.16"]
[EventType "swiss"]
[EventRounds "9"]
[EventCountry "ESP"]
[SourceTitle "CBM 176 Extra"]
[Source "ChessBase"]
[SourceDate "2017.03.02"]
[SourceVersion "1"]
[SourceVersionDate "2017.03.02"]
[SourceQuality "1"]

1. e4 e5 2. Nf3 Nc6 3. Bb5 a6 4. Bxc6 dxc6 5. 0-0 Bd6 6. d4 exd4 7. Qxd4 f6 8. Be3 Ne7 9. Nbd2 Be6 10. Qc3 Qd7 11. Nc4 Bxc4 12. Qxc4 Ng6 13. Rad1 0-0-0 14. Nd4 Ne5 15. Qe2 g6 16. f3 Rhe8 17. Rfe1 Qf7 18. f4 Nc4 19. b3 Nxe3 20. Qxe3 Bc5 21. c3 Bb6 22. Qh3+ Kb8 23. f5 gxf5 24. exf5 Bxd4+ 25. cxd4 Rxd4 26. Qf3 c5 27. h3 Red8 28. Rc1 R4d5 29. Re6 Qg7 30. Rce1 Qg5 31. Re8 Qd2 32. R1e2 Qd4+ 33. Kh2 Rxe8 34. Rxe8+ Ka7 35. Re7 Rxf5 36. Qg3 Rg5 37. Qxc7 Qd5 38. Re2 h5 39. Qf4 Rf5 40. Qg3 Qc6 41. Rd2 Rd5 42. Rf2 Rg5 43. Qf3 Qc7+ 44. Kg1 Re5 45. Kh2 Qc6 46. Kg1 Qd6 1/2-1/2